000 00511nam a22001577a 4500
005 20260318193427.0
008 260318b |||||||| |||| 00| 0 eng d
020 _a9780444507280
050 _aHD1415
_b.H313
245 _aHandbook of Agricultural Economics:
_bVolume 1A-Agricultural Production
_cEdited by Bruce L. Gardiner & Gordon C. Rausser
260 _aAmsterdam
_bElsevier
_c2001
300 _axxi. 741. 52
_bill.
_c25cm
700 _aGardiner, Bruce L.
700 _aRausser, Gordon C.
942 _2lcc
_cBK
_n0
999 _c9122
_d9122